• 首页
  • 本馆介绍
  • 公告通知
  • 最新文献
  • 馆藏检索
  • 电子资源
  • 读者导购
  • 参考咨询
  • 我的图书馆
  • 登录
  • 详细信息显示
  • 放入我的书架
  • 预约/预借图书
  • 作者相关作品
  • 分类相关作品
  • 丛书相关作品
  • 出版社相关作品

书目信息

  • 表格格式
  • 工作单格式
  • 卡片格式
题名:
数学软件与数学实验
    
 
作者: 张小红 , 张建勋 编著
分册:  
出版信息: 北京   清华大学出版社  2004
页数: 374页
开本: 23cm
丛书名:
单 册:
中图分类: O245
科图分类:
主题词: 数值计算--应用软件--高等学校--教材 , 高等数学--实验--高等学校--教材
电子资源:
ISBN: 7-302-08613-3
000 00922nam0 2200253 450
001 070027166870
005 20050906110755.57
010    @a7-302-08613-3@dCNY29.80
100    @a20041026d2004 ekmy0chiy0120 ea
101 0  @achi
102    @aCN@b110000
105    @aak z 000yy
200 1  @a数学软件与数学实验@Ashu xue ruan jian yu shu xue shi yan@f张小红,张建勋编著@Fzhang xiao hong,zhang jian xun bian zhu
210    @a北京@c清华大学出版社@d2004
215    @a374页@c图@d23cm
330    @a本书力求体现数学概念、方法的渊源与应用背景,介绍了Maple 8数学软件与Mathermatica 4的基本合用方法,并设计了与《大学数学》相适应的15个数学实验。
606 0  @a数值计算@x应用软件@x高等学校@x教材
606 0  @a高等数学@x实验@x高等学校@x教材
690    @aO245@v4
701  0 @a张小红@Azhang xiao hong@4编著
701  0 @a张建勋@Azhang jian xun@4编著
801  0 @aCN@bTSSF@c20050906
905    @a10447@dO245@e19
999    @aAFJ@eGLX
    
    数学软件与数学实验/张小红,张建勋编著.-北京:清华大学出版社,2004
    374页:图;23cm
    
    
    ISBN 7-302-08613-3:CNY29.80
    本书力求体现数学概念、方法的渊源与应用背景,介绍了Maple 8数学软件与Mathermatica 4的基本合用方法,并设计了与《大学数学》相适应的15个数学实验。
●
相关链接 在E读中查询图书 在五车中查询图书 在当当中查询图书 在豆瓣中查询图书


正题名:数学软件与数学实验     索取号:O245/19         预约/预借

序号 登录号 条形码 馆藏地/架位号 状态 备注
1 0360155   3601551   第二样本阅览室/ [索取号:O245/19] 在馆    
2 0360156   3601560   第三借阅区/ [索取号:O245/19] 在馆    
3 0360157   3601579   第三借阅区/ [索取号:O245/19] 在馆    
4 0360158   3601588   第三借阅区/ [索取号:O245/19] 在馆    
5 0360159   3601597   第三借阅区/ [索取号:O245/19] 在馆    
唐山师范学院图书馆 欢迎您!
大连网信软件有限公司© 版权所有